[Event "Ljubljana op 1st"]
[Site "Ljubljana"]
[Date "2013.01.19"]
[Round "2"]
[White "Crnic, Ivan"]
[Black "Piber, Vinko"]
[Result "1/2-1/2"]
[WhiteElo "1639"]
[BlackElo "1760"]
[PlyCount "56"]
[EventDate "2013.01.09"]
[EventType "swiss"]
[EventRounds "9"]
[EventCountry "SLO"]
[SourceTitle "EXT 2023"]
[Source "ChessBase"]
[SourceDate "2022.10.05"]
[SourceVersion "1"]
[SourceVersionDate "2022.10.05"]
[SourceQuality "1"]

1. e4 e5 2. Nf3 Nc6 3. Bb5 a6 4. Ba4 Nf6 5. 0-0 Be7 6. Re1 b5 7. Bb3 0-0 8. c3 d6 9. h3 h6 10. d4 Re8 11. a4 Bb7 12. Nbd2 Bf8 13. Bc2 Nb8 14. Bd3 c6 15. Nf1 Nbd7 16. Be3 Nb6 17. b3 bxa4 18. bxa4 a5 19. Ng3 Ba6 20. Qe2 Bxd3 21. Qxd3 Qc7 22. Reb1 Nbd7 23. Nh2 Reb8 24. Nf5 Rxb1+ 25. Rxb1 Rb8 26. Ng4 Rxb1+ 27. Qxb1 Nxg4 28. hxg4 Qb6 1/2-1/2

[Event "Ljubljana Spring op"]
[Site "Ljubljana"]
[Date "2012.05.29"]
[Round "8"]
[White "Jelen, Miha"]
[Black "Piber, Vinko"]
[Result "0-1"]
[WhiteElo "1500"]
[BlackElo "1803"]
[PlyCount "68"]
[EventDate "2012.04.04"]
[EventType "swiss"]
[EventRounds "9"]
[EventCountry "SLO"]
[SourceTitle "EXT 2023"]
[Source "ChessBase"]
[SourceDate "2022.10.05"]
[SourceVersion "1"]
[SourceVersionDate "2022.10.05"]
[SourceQuality "1"]

1. e4 c5 2. c3 Nc6 3. d4 e6 4. Nf3 d5 5. exd5 exd5 6. Bb5 a6 7. Ba4 b5 8. Bb3 c4 9. Bc2 Nf6 10. 0-0 Be7 11. Bg5 h6 12. Bh4 0-0 13. Nbd2 Re8 14. Re1 Be6 15. Ne5 Nxe5 16. dxe5 Nd7 17. Bxe7 Rxe7 18. f4 Qb6+ 19. Kh1 Nf8 20. f5 Bd7 21. Nf3 Bc6 22. Nd4 Rae8 23. Qg4 Rxe5 24. Rxe5 Rxe5 25. Nf3 Re8 26. f6 g6 27. Qf4 Qe3 28. Qd6 Re6 29. Qg3 Rxf6 30. Re1 Qf4 31. Qf2 Ne6 32. Rf1 d4 33. Qe1 Ng5 34. Nd2 Qxd2 0-1

[Event "Ljubljana Spring op"]
[Site "Ljubljana"]
[Date "2012.04.11"]
[Round "2"]
[White "Piber, Vinko"]
[Black "Kamensek, Ivan"]
[Result "1/2-1/2"]
[WhiteElo "1803"]
[BlackElo "1765"]
[PlyCount "137"]
[EventDate "2012.04.04"]
[EventType "swiss"]
[EventRounds "9"]
[EventCountry "SLO"]
[SourceTitle "EXT 2023"]
[Source "ChessBase"]
[SourceDate "2022.10.05"]
[SourceVersion "1"]
[SourceVersionDate "2022.10.05"]
[SourceQuality "1"]

1. e4 c5 2. Nf3 d6 3. d4 cxd4 4. Nxd4 Nf6 5. Nc3 a6 6. Bg5 e6 7. f4 Be7 8. Qd2 Qc7 9. 0-0-0 Nbd7 10. Be2 b5 11. Bf3 b4 12. Na4 Rb8 13. e5 dxe5 14. Nc6 Rb5 15. Nxe7 Kxe7 16. Be2 b3 17. Bxb5 axb5 18. Qb4+ Ke8 19. Nc3 bxa2 20. Nxa2 Qc5 21. Qxc5 Nxc5 22. fxe5 Nd5 23. Nc3 Bb7 24. Nxb5 Kd7 25. c4 Ba6 26. Nd6 Rb8 27. Kc2 Nb4+ 28. Kc3 Nbd3 29. b4 Rxb4 30. Rb1 Ra4 31. Ra1 Nxe5 32. Rxa4 Nxa4+ 33. Kb4 Nb2 34. Ra1 Nbd3+ 35. Kc3 Nc5 36. Be3 Kxd6 37. Bxc5+ Kxc5 38. Rxa6 Nxc4 39. Kd3 Kd5 40. Ra7 g6 41. Rd7+ Nd6 42. Ke2 Ke5 43. Kf3 h5 44. h4 f6 45. g3 Nc4 46. Rd3 Kf5 47. Rd4 Ne5+ 48. Kg2 g5 49. hxg5 Kxg5 50. Rd6 Kf5 51. Rd1 Ng4 52. Ra1 e5 53. Ra8 Nh6 54. Rh8 Kg5 55. Re8 h4 56. gxh4+ Kxh4 57. Kf3 Kg5 58. Ke4 Kg6 59. Ra8 Nf5 60. Ra1 Ne7 61. Rg1+ Kf7 62. Ra1 Nc8 63. Kd5 Nb6+ 64. Kc5 Nc8 65. Kd5 Ne7+ 66. Ke4 Ke6 67. Ra6+ Kf7 68. Ra7 Ke6 69. Ra6+ 1/2-1/2

[Event "Ljubljana Winter op"]
[Site "Ljubljana"]
[Date "2012.04.03"]
[Round "9"]
[White "Markosek, Maj"]
[Black "Piber, Vinko"]
[Result "0-1"]
[WhiteElo "1553"]
[BlackElo "1803"]
[PlyCount "92"]
[EventDate "2012.01.04"]
[EventType "swiss"]
[EventRounds "9"]
[EventCountry "SLO"]
[SourceTitle "EXT 2023"]
[Source "ChessBase"]
[SourceDate "2022.10.05"]
[SourceVersion "1"]
[SourceVersionDate "2022.10.05"]
[SourceQuality "1"]

1. e4 e5 2. Nf3 Nc6 3. Nc3 Nf6 4. d4 exd4 5. Nxd4 Bb4 6. Nxc6 bxc6 7. Bd3 d5 8. 0-0 Bxc3 9. bxc3 dxe4 10. Re1 0-0 11. Bc4 Qxd1 12. Rxd1 Bg4 13. Re1 Rfe8 14. Bf4 Nd5 15. Bxd5 cxd5 16. Bxc7 Rac8 17. Ba5 Bd7 18. Rad1 Bc6 19. Rd4 f5 20. g3 Rb8 21. Rb4 Rb5 22. Rxb5 Bxb5 23. Bb4 Kf7 24. Bc5 a6 25. Bd4 g5 26. Be3 Kg6 27. Rd1 Bc4 28. Rb1 Re6 29. a3 Be2 30. a4 Rc6 31. Bd2 d4 32. cxd4 Rxc2 33. Be3 Ra2 34. h4 h6 35. hxg5 hxg5 36. d5 Rxa4 37. d6 Ra5 38. Bb6 Rd5 39. Bc7 Bb5 40. Rc1 Kh5 41. Bb8 Kg4 42. Kg2 Be2 43. Rb1 f4 44. gxf4 gxf4 45. Bc7 Bf3+ 46. Kf1 Rh5 0-1

[Event "Ljubljana Winter op"]
[Site "Ljubljana"]
[Date "2012.02.15"]
[Round "5"]
[White "Piber, Vinko"]
[Black "Cop, Jaka"]
[Result "1-0"]
[WhiteElo "1803"]
[BlackElo "1639"]
[PlyCount "83"]
[EventDate "2012.01.04"]
[EventType "swiss"]
[EventRounds "9"]
[EventCountry "SLO"]
[SourceTitle "EXT 2023"]
[Source "ChessBase"]
[SourceDate "2022.10.05"]
[SourceVersion "1"]
[SourceVersionDate "2022.10.05"]
[SourceQuality "1"]

1. e4 c5 2. Nf3 Nc6 3. d4 cxd4 4. Nxd4 e5 5. Nb5 d6 6. c4 a6 7. N5a3 Be6 8. Nc3 Be7 9. Nd5 h6 10. Be3 Bxd5 11. cxd5 Nb8 12. Qg4 Bg5 13. Bxg5 hxg5 14. 0-0-0 Nd7 15. Bd3 Nc5 16. Bc2 Rc8 17. g3 b5 18. h4 Nh6 19. Qxg5 Qf6 20. Qxf6 gxf6 21. f3 b4 22. Nc4 Kd7 23. b3 Rc6 24. g4 Rhc8 25. Kd2 Na4 26. Bd3 Nc3 27. Ra1 Ra8 28. a3 Nb5 29. Rhf1 Nd4 30. Na5 Rc3 31. axb4 Rxb3 32. Nxb3 Nxb3+ 33. Kc3 Nxa1 34. Rxa1 Ng8 35. Rxa6 Rc8+ 36. Rc6 Rxc6+ 37. dxc6+ Kd8 38. b5 Kc7 39. Bc4 Nh6 40. g5 fxg5 41. hxg5 Ng8 42. Bxf7 1-0

[Event "Ljubljana op 2nd"]
[Site "Ljubljana"]
[Date "2011.06.07"]
[Round "8"]
[White "Piber, Vinko"]
[Black "Mejak, Severin"]
[Result "0-1"]
[WhiteElo "1849"]
[BlackElo "2004"]
[PlyCount "102"]
[EventDate "2011.04.06"]
[EventType "swiss"]
[EventRounds "9"]
[EventCountry "SLO"]
[SourceTitle "EXT 2023"]
[Source "ChessBase"]
[SourceDate "2022.10.05"]
[SourceVersion "1"]
[SourceVersionDate "2022.10.05"]
[SourceQuality "1"]

1. e4 Nf6 2. e5 Nd5 3. d4 d6 4. Nf3 g6 5. c4 Nb6 6. Nc3 Bg7 7. Bf4 0-0 8. Qd2 Nc6 9. Bh6 dxe5 10. Bxg7 Kxg7 11. d5 Nb8 12. Nxe5 f6 13. Nf3 e5 14. 0-0-0 Qe7 15. d6 Qxd6 16. Qxd6 cxd6 17. Rxd6 Nc6 18. Be2 Bf5 19. Nh4 Nd4 20. Nxf5+ Nxf5 21. Rd2 Nd4 22. Bf1 Rac8 23. b3 Rfd8 24. f4 exf4 25. Bd3 Nc6 26. Rf1 g5 27. Bf5 Rb8 28. Nd5 Nxd5 29. Rxd5 Ne7 30. Rxd8 Rxd8 31. Be4 b6 32. g4 fxg3 33. hxg3 Rd4 34. Bc2 Ng6 35. Rd1 Rxd1+ 36. Bxd1 f5 37. b4 Ne5 38. Be2 Kf6 39. Kd2 Ke6 40. Ke3 Nc6 41. a3 Ke5 42. Bd1 Nd4 43. Kd3 Ne6 44. a4 g4 45. Kc3 h5 46. Be2 f4 47. gxf4+ Kxf4 48. Kd3 h4 49. Bf1 Kf3 50. Be2+ Kg3 51. Ke4 h3 0-1

[Event "Ljubljana op 1st"]
[Site "Ljubljana"]
[Date "2011.03.23"]
[Round "9"]
[White "Piber, Vinko"]
[Black "Bratkovic, Sham"]
[Result "1-0"]
[WhiteElo "1849"]
[BlackElo "1706"]
[PlyCount "73"]
[EventDate "2011.01.05"]
[EventType "swiss"]
[EventRounds "9"]
[EventCountry "SLO"]
[SourceTitle "EXT 2023"]
[Source "ChessBase"]
[SourceDate "2022.10.05"]
[SourceVersion "1"]
[SourceVersionDate "2022.10.05"]
[SourceQuality "1"]

1. e4 e5 2. Nf3 Nc6 3. Bc4 Nf6 4. Ng5 d5 5. exd5 Na5 6. Bb5+ c6 7. dxc6 bxc6 8. Qf3 Rb8 9. Bd3 Bb7 10. Nc3 h6 11. Nge4 Be7 12. Qg3 Nxe4 13. Nxe4 0-0 14. Qxe5 Re8 15. 0-0 Rc8 16. Nc5 Ba8 17. Ne4 Nb7 18. Qf5 g6 19. Qh3 Bf8 20. b3 Nd6 21. Nxd6 Qxd6 22. Bb2 c5 23. Rfe1 Red8 24. Re2 a5 25. Rae1 a4 26. Be5 Qb6 27. Bc4 axb3 28. axb3 Qa5 29. Ra1 Qb4 30. Bc3 Qb7 31. Ba6 Qc6 32. Bxc8 Rxc8 33. Rae1 Rd8 34. f3 Bb7 35. Qh4 Qc7 36. Re8 Rd5 37. Qf6 1-0

[Event "Feffernitz Raika op 19th"]
[Site "Feffernitz"]
[Date "2010.08.26"]
[Round "6"]
[White "Manhardt, Thomas"]
[Black "Piber, Vinko"]
[Result "1-0"]
[WhiteElo "2124"]
[BlackElo "1862"]
[PlyCount "30"]
[EventDate "2010.08.22"]
[EventType "swiss"]
[EventRounds "9"]
[EventCountry "AUT"]
[SourceTitle "CBM 138 Extra"]
[Source "ChessBase"]
[SourceDate "2010.10.29"]
[SourceVersion "1"]
[SourceVersionDate "2010.10.29"]
[SourceQuality "1"]

1. e4 c6 2. d4 d5 3. Nc3 dxe4 4. Nxe4 Bf5 5. Ng3 Bg6 6. Bc4 Nf6 7. N1e2 h6 8. 0-0 e6 9. Nf4 Bh7 10. Re1 Nd5 11. Bxd5 cxd5 12. Qh5 Qg5 13. Rxe6+ Be7 14. Nxd5 Qxh5 15. Rxe7+ Kf8 1-0

[Event "Feffernitz Raika op 18th"]
[Site "Feffernitz"]
[Date "2009.08.16"]
[Round "2"]
[White "Petek, Primoz"]
[Black "Piber, Vinko"]
[Result "1/2-1/2"]
[WhiteElo "2096"]
[BlackElo "1898"]
[PlyCount "36"]
[EventDate "2009.08.16"]
[EventType "swiss"]
[EventRounds "9"]
[EventCountry "AUT"]
[SourceTitle "CBM 131 Extra"]
[Source "ChessBase"]
[SourceDate "2009.09.03"]
[SourceVersion "2"]
[SourceVersionDate "2009.09.16"]
[SourceQuality "1"]

1. c4 c5 2. g3 Nf6 3. Bg2 d5 4. cxd5 Nxd5 5. Nc3 Nc7 6. Nf3 Nc6 7. 0-0 e5 8. d3 Be7 9. Nd2 0-0 10. Nc4 f6 11. f4 exf4 12. Bxf4 Ne6 13. Nd5 Nxf4 14. Rxf4 Rb8 15. e4 b5 16. Nxe7+ Nxe7 17. Ne3 Qd4 18. Qe2 Ng6 1/2-1/2

[Event "Feffernitz Raika op 17th"]
[Site "Feffernitz"]
[Date "2008.08.23"]
[Round "8"]
[White "Kavcic, Zan"]
[Black "Piber, Vinko"]
[Result "1-0"]
[WhiteElo "2290"]
[BlackElo "1925"]
[PlyCount "79"]
[EventDate "2008.08.17"]
[EventType "swiss"]
[EventRounds "9"]
[EventCountry "AUT"]
[SourceTitle "CBM 126 Extra"]
[Source "ChessBase"]
[SourceDate "2008.11.05"]
[SourceVersion "1"]
[SourceVersionDate "2008.11.05"]
[SourceQuality "1"]

1. c4 c5 2. Nc3 Nf6 3. Nf3 d5 4. cxd5 Nxd5 5. Qa4+ Nc6 6. Ne5 Nb6 7. Nxc6 Qd7 8. Qe4 bxc6 9. g3 f5 10. Qf3 Nd5 11. Bg2 Nb4 12. 0-0 Ba6 13. a3 Nd5 14. Nxd5 cxd5 15. Qxd5 Qxd5 16. Bxd5 Rd8 17. Bc6+ Kf7 18. d3 e5 19. Be3 Ke6 20. Rfc1 Rc8 21. Bf3 Bd6 22. b4 c4 23. dxc4 Bxc4 24. Bxa7 e4 25. Bg2 Bxe2 26. Bd4 Be5 27. Bxe5 Kxe5 28. Bf1 Bd3 29. a4 Rc2 30. Rxc2 Bxc2 31. a5 Bd3 32. a6 Kd6 33. Bxd3 exd3 34. Rd1 Kc6 35. Rxd3 Ra8 36. Ra3 Kb6 37. Kg2 Rxa6 38. Rxa6+ Kxa6 39. Kf3 g5 40. g4 1-0

[Event "SLO-chT 16th"]
[Site "Ljubljana"]
[Date "2006.07.06"]
[Round "5"]
[White "Plaskan, Jure"]
[Black "Piber, Vinko"]
[Result "1-0"]
[WhiteElo "2068"]
[BlackElo "1932"]
[PlyCount "113"]
[EventDate "2006.07.03"]
[EventType "team"]
[EventRounds "9"]
[EventCountry "SLO"]
[SourceTitle "EXT 2008"]
[Source "ChessBase"]
[SourceDate "2007.11.25"]
[SourceVersion "1"]
[SourceVersionDate "2007.11.25"]
[SourceQuality "1"]

1. e4 c6 2. d4 d5 3. exd5 cxd5 4. c4 Nf6 5. Nc3 e6 6. Nf3 Be7 7. cxd5 Nxd5 8. Bd3 0-0 9. 0-0 b6 10. Qe2 Bb7 11. Bd2 Nd7 12. Rac1 N7f6 13. Rfd1 Rc8 14. Bg5 h6 15. Bxf6 Bxf6 16. Be4 Nxc3 17. bxc3 Bxe4 18. Qxe4 Qd5 19. Qe2 Qc4 20. Kf1 Rfd8 21. Qxc4 Rxc4 22. Ke2 Rd5 23. Kd3 Rc7 24. c4 Ra5 25. Rc2 Kf8 26. Ke4 Ra4 27. Rdc1 Be7 28. Nd2 f5+ 29. Ke5 Ba3 30. Rb1 Ke7 31. d5 Bd6+ 32. Kd4 Bc5+ 33. Ke5 exd5 34. Kxf5 Bxf2 35. Nf3 Bc5 36. Re2+ Kf8 37. Ne5 dxc4 38. Rd1 Be7 39. Ke6 b5 40. Rf1+ Ke8 41. Rf7 Ra6+ 42. Kd5 Rd6+ 43. Ke4 g6 44. Rh7 Rf6 45. Rxh6 g5 46. Rxf6 Bxf6 47. Kf5 Be7 48. Ke4 b4 49. Kd5 c3 50. Nc6 a5 51. g3 Kf7 52. Rf2+ Kg7 53. Nd4 Rd7+ 54. Kc4 Kg6 55. Nc6 Rc7 56. Kb5 Bd6 57. Rc2 1-0

[Event "Feffernitz Raika op 14th"]
[Site "Feffernitz"]
[Date "2005.08.27"]
[Round "8"]
[White "Kainz, Josef"]
[Black "Piber, Vinko"]
[Result "0-1"]
[WhiteElo "2007"]
[BlackElo "1951"]
[PlyCount "108"]
[EventDate "2005.08.21"]
[EventType "swiss"]
[EventRounds "9"]
[EventCountry "AUT"]
[SourceTitle "CBM 108 Extra"]
[Source "ChessBase"]
[SourceDate "2005.11.04"]
[SourceVersion "1"]
[SourceVersionDate "2005.11.04"]
[SourceQuality "1"]

1. d4 Nf6 2. c4 g6 3. Nc3 Bg7 4. e4 d6 5. f4 0-0 6. Nf3 c5 7. d5 e6 8. Be2 exd5 9. cxd5 Re8 10. Nd2 a6 11. a4 Qa5 12. Nc4 Qd8 13. e5 dxe5 14. fxe5 Nh5 15. Bxh5 Qh4+ 16. g3 Qxc4 17. Be2 Rxe5 18. Bd2 Bg4 19. h3 Bxe2 20. Nxe2 Rxd5 21. 0-0 Nc6 22. Nf4 Rd6 23. Qe1 Rad8 24. Be3 Bd4 25. Ng2 Re6 26. Qf2 Rf6 27. Nf4 g5 28. Bxd4 cxd4 29. Qe2 d3 30. Nxd3 Rxf1+ 31. Rxf1 Qxd3 32. Qf2 Qd4 33. Re1 Qxf2+ 34. Kxf2 Rd2+ 35. Kf3 Rxb2 36. Kg4 h6 37. Kh5 Kg7 38. h4 Rb4 39. hxg5 hxg5 40. Kxg5 Rxa4 41. Rc1 Rd4 42. Kf5 a5 43. g4 a4 44. Rc3 Ne7+ 45. Ke5 Rxg4 46. Rc7 Nc6+ 47. Kd5 Na5 48. Re7 Rg5+ 49. Ke4 Rb5 50. Kd3 a3 51. Re1 Nb3 52. Kc4 Rb6 53. Re2 Nc1 54. Rg2+ Kf8 0-1